000 00824nam a22002297a 4500
005 20170504145344.0
010 _aENG-118059
020 _a9780199467242
_c950.00
020 _a0199467242
_c950.00
035 _aEN-101591
037 _bDBAD/PUB
082 _a327.54059
245 0 0 _aHeading east :
_bsecurity, trade, and environmenent between India and Southeast Asia /
_cedited by Karen Stoll Farrell, Sumit Ganguly.
250 _aFirst edition.
260 _aNew Delhi
_bOxford University Press
_c2016
300 _axv, 275 pages ;
_c23 cm.(Hb)
490 0 _aOxford international relations in South Asia series
504 _aIncludes bibliographical references and index.
700 1 _aFarrell, Karen Stoll,
_eeditor.
700 1 _aGanguly, Sumit,
_eeditor.
942 _2ddc
_cEN
_h327.54059
_mHEA
999 _c139502
_d139502